[Event "Ct. Girona indiv. Absolut"]
[Site "Sant Gregori/Girona/Blanes"]
[Date "2014.11.16"]
[Round "7"]
[White "Balague Camps, M."]
[Black "Otones Lopez, A."]
[Result "1-0"]
[WhiteElo "2207"]
[BlackElo "1981"]
[PlyCount "51"]
[EventDate "2014.??.??"]
[EventType "swiss"]
[EventRounds "9"]
[EventCountry "ESP"]

1. Nf3 Nf6 2. c4 b6 3. g3 Bb7 4. Bg2 g6 5. O-O Bg7 6. Nc3 O-O 7. Qc2 d5 8. cxd5
Nxd5 9. Nxd5 Bxd5 10. d4 Nd7 11. Bf4 c5 12. e4 Bb7 13. d5 h6 14. h4 Nf6 15.
Rad1 Nh5 16. Be5 Bc8 17. Bxg7 Kxg7 18. Ne5 Qd6 19. Nc4 Qc7 20. e5 Bf5 21. Qc3
Qd8 22. Ne3 Bc8 23. e6+ f6 24. Rfe1 Rb8 25. d6 exd6 26. e7 1-0

[Event "Ct. Girona indiv. Absolut"]
[Site "Sant Gregori/Girona/Blanes"]
[Date "2014.11.16"]
[Round "7"]
[White "Campo Echevarria, JF."]
[Black "Caballero Maytin, J."]
[Result "1-0"]
[WhiteElo "2171"]
[BlackElo "2148"]
[PlyCount "93"]
[EventDate "2014.??.??"]
[EventType "swiss"]
[EventRounds "9"]
[EventCountry "ESP"]

1. e4 c5 2. Nf3 g6 3. d4 cxd4 4. Nxd4 Bg7 5. c4 Nc6 6. Nc2 Nf6 7. Nc3 O-O 8.
Be2 b6 9. O-O Bb7 10. Be3 Rc8 11. f3 Ne5 12. b3 Ne8 13. Bd4 d6 14. Qd2 Qc7 15.
Rac1 Nf6 16. Rfd1 Rfd8 17. Be3 a6 18. Nb4 e6 19. Na4 Ned7 20. Bf4 Ne8 21. Bg5
f6 22. Be3 Nc5 23. Nc3 Qe7 24. Nc2 e5 25. b4 Nd7 26. Na4 f5 27. exf5 gxf5 28.
Nxb6 Nxb6 29. Bxb6 Qh4 30. Bxd8 Rxd8 31. Qe1 Qf6 32. Qf2 Bh6 33. Rb1 Rd7 34.
Ne3 Rg7 35. Nd5 Qg6 36. Bf1 Kh8 37. b5 e4 38. bxa6 Bxd5 39. cxd5 e3 40. Qe2 Bf4
41. Rb7 Qh5 42. g3 Rxg3+ 43. hxg3 Bxg3 44. Qb2+ Kg8 45. Qg2 f4 46. Be2 Kf8 47.
a7 1-0

[Event "Ct. Girona indiv. Absolut"]
[Site "Sant Gregori/Girona/Blanes"]
[Date "2014.11.16"]
[Round "7"]
[White "Castillo Fernandez, C."]
[Black "Gonzalez Escudero, J."]
[Result "1/2-1/2"]
[WhiteElo "2243"]
[BlackElo "1992"]
[PlyCount "42"]
[EventDate "2014.??.??"]
[EventType "swiss"]
[EventRounds "9"]
[EventCountry "ESP"]

1. Nf3 f5 2. g3 Nf6 3. Bg2 d6 4. d4 e6 5. O-O Be7 6. c4 O-O 7. Nc3 a5 8. Qc2
Nc6 9. e4 Nb4 10. Qe2 fxe4 11. Nxe4 Nxe4 12. Qxe4 e5 13. g4 exd4 14. Nxd4 Rb8
15. Ne6 Bxe6 16. Qxe6+ Kh8 17. a3 Nd3 18. Qe4 Nxc1 19. Raxc1 Bf6 20. b4 axb4
21. axb4 b6 1/2-1/2

[Event "Ct. Girona indiv. Absolut"]
[Site "Sant Gregori/Girona/Blanes"]
[Date "2014.11.16"]
[Round "7"]
[White "Diaz Muñoz, S."]
[Black "Ramirez Garcia, L."]
[Result "1/2-1/2"]
[WhiteElo "2172"]
[BlackElo "1931"]
[PlyCount "72"]
[EventDate "2014.??.??"]
[EventType "swiss"]
[EventRounds "9"]
[EventCountry "ESP"]

1. e4 e5 2. Nf3 Nc6 3. d4 exd4 4. Nxd4 Bc5 5. Nxc6 Qf6 6. Qf3 Qxf3 7. gxf3 dxc6
8. Rg1 g6 9. Be3 Bb6 10. c4 Bxe3 11. fxe3 Be6 12. Nd2 O-O-O 13. O-O-O c5 14.
Be2 Ne7 15. f4 f6 16. Nf3 Nc6 17. b3 Rxd1+ 18. Rxd1 Rd8 19. h4 Rxd1+ 20. Kxd1
Kd7 21. Bd3 Bg4 22. Ke2 Ke7 23. Kf2 Bxf3 24. Kxf3 Ke6 25. h5 g5 26. h6 Nd8 27.
Kg4 Nf7 28. Kh5 gxf4 29. exf4 Nd6 30. Bc2 a6 31. Bd3 b5 32. Kg4 c6 33. Kh5 a5
34. a4 bxa4 35. bxa4 Nf7 36. Bf1 Nd6 1/2-1/2

[Event "Ct. Girona indiv. Absolut"]
[Site "Sant Gregori/Girona/Blanes"]
[Date "2014.11.16"]
[Round "7"]
[White "Domenech Plana, J."]
[Black "Mestres Ramon, P."]
[Result "1-0"]
[WhiteElo "2315"]
[BlackElo "2000"]
[PlyCount "69"]
[EventDate "2014.??.??"]
[EventType "swiss"]
[EventRounds "9"]
[EventCountry "ESP"]

1. e4 d5 2. exd5 Qxd5 3. Nf3 Nf6 4. Be2 c5 5. O-O Nc6 6. Nc3 Qd8 7. a4 Bf5 8.
Bb5 a6 9. Bxc6+ bxc6 10. d3 e6 11. Ne5 Bd6 12. Qe2 Qc7 13. f4 O-O 14. Nc4 Be7
15. Ne4 Bxe4 16. dxe4 Rfd8 17. e5 Nd5 18. Bd2 Rd7 19. Rf3 Nb4 20. Bc3 Re8 21.
Rh3 Nd5 22. Qe4 g6 23. Bd2 f5 24. Qe2 Nb4 25. c3 Nd5 26. a5 Qb7 27. g4 fxg4 28.
Qxg4 Bf8 29. Rf1 Qb5 30. f5 exf5 31. Rxf5 Rg7 32. Rf2 Qa4 33. Bh6 Rf7 34. Rxf7
Kxf7 35. Nd6+ 1-0

[Event "Ct. Girona indiv. Absolut"]
[Site "Sant Gregori/Girona/Blanes"]
[Date "2014.11.16"]
[Round "7"]
[White "Granados Aguilera, C."]
[Black "Rodriguez Navarro, I."]
[Result "1-0"]
[WhiteElo "2038"]
[BlackElo "1878"]
[PlyCount "49"]
[EventDate "2014.??.??"]
[EventType "swiss"]
[EventRounds "9"]
[EventCountry "ESP"]

1. e4 c5 2. Nf3 e6 3. d4 cxd4 4. Nxd4 Nf6 5. Nc3 Bb4 6. Bd3 e5 7. Nf5 O-O 8.
Bd2 d5 9. Nxd5 Bxd2+ 10. Qxd2 Nxd5 11. exd5 e4 12. Bxe4 Re8 13. Qf4 Bxf5 14.
Qxf5 g6 15. Qf3 f5 16. O-O-O Rxe4 17. Rhe1 Rxe1 18. Rxe1 Nd7 19. d6 Qb6 20.
Qd5+ Kh8 21. Re7 Qxf2 22. Rxd7 Qf4+ 23. Qd2 Qf1+ 24. Qd1 Qxg2 25. Qd4+ 1-0

[Event "Ct. Girona indiv. Absolut"]
[Site "Sant Gregori/Girona/Blanes"]
[Date "2014.11.16"]
[Round "7"]
[White "Huici Bentue, D."]
[Black "Bonavia Heredia, F."]
[Result "1-0"]
[WhiteElo "2148"]
[BlackElo "1958"]
[PlyCount "67"]
[EventDate "2014.??.??"]
[EventType "swiss"]
[EventRounds "9"]
[EventCountry "ESP"]

1. e3 d5 2. c4 c6 3. Nf3 Nf6 4. d4 g6 5. Nc3 Bg7 6. Bd3 O-O 7. O-O Nbd7 8. cxd5
cxd5 9. Bd2 Re8 10. Rc1 e5 11. dxe5 Nxe5 12. Nxe5 Rxe5 13. Nb5 Ne4 14. Bxe4
Rxe4 15. Bc3 Bxc3 16. Nxc3 Re5 17. Qd4 Rg5 18. Ne4 Rf5 19. f3 Qe7 20. Nc3 Qe5
21. Rcd1 Qxd4 22. Rxd4 Be6 23. g4 Re5 24. Kf2 Rc8 25. f4 Re4 26. Nxe4 dxe4 27.
Kg3 f5 28. g5 Rc2 29. Rf2 Rc1 30. Rdd2 Re1 31. Rfe2 Rf1 32. Rc2 a6 33. Rc7 Bd5
34. Rd2 1-0

[Event "Ct. Girona indiv. Absolut"]
[Site "Sant Gregori/Girona/Blanes"]
[Date "2014.11.16"]
[Round "7"]
[White "Mogro Flores, S."]
[Black "Pages Lopez, D."]
[Result "1-0"]
[WhiteElo "2159"]
[BlackElo "1783"]
[PlyCount "117"]
[EventDate "2014.??.??"]
[EventType "swiss"]
[EventRounds "9"]
[EventCountry "ESP"]

1. e4 d6 2. d4 g6 3. h3 Bg7 4. Nf3 Nf6 5. Bd3 O-O 6. O-O Nbd7 7. e5 dxe5 8.
dxe5 Nd5 9. Bxg6 fxg6 10. Qxd5+ Kh8 11. Rd1 Qe8 12. Be3 c6 13. Qe4 Nb6 14. Bd4
Be6 15. Nc3 Nd5 16. Ng5 Nxc3 17. Bxc3 Qc8 18. Rd2 Bh6 19. Qh4 Bxg5 20. Qxg5 Qc7
21. Rd6 Rf5 22. Qh4 Rh5 23. Qf4 Rf5 24. Qd2 Bd5 25. e6+ Kg8 26. Rd7 Qf4 27.
Qxf4 Rxf4 28. Rxe7 b5 29. a3 Re4 30. Re1 Rxe1+ 31. Bxe1 Kf8 32. Bb4 a5 33. Bc5
Re8 34. Rxh7+ Kg8 35. Ra7 a4 36. e7 Kf7 37. Rd7 Be4 38. c3 Kf6 39. Rd8 Rxe7 40.
Bxe7+ Kxe7 41. Rd2 Ke6 42. Re2 Kd5 43. f4 Bd3 44. Rd2 Kc4 45. Kf2 c5 46. g4 b4
47. cxb4 cxb4 48. axb4 Bb1 49. b5 Kxb5 50. Rd4 Bc2 51. Ke3 Kc5 52. h4 Bb3 53.
h5 gxh5 54. gxh5 Kb5 55. h6 Bg8 56. f5 Bh7 57. f6 Bg6 58. f7 Bxf7 59. h7 1-0

[Event "Ct. Girona indiv. Absolut"]
[Site "Sant Gregori/Girona/Blanes"]
[Date "2014.11.16"]
[Round "7"]
[White "Molina Carretero, D."]
[Black "Kripanov, A."]
[Result "0-1"]
[WhiteElo "2217"]
[BlackElo "1992"]
[PlyCount "88"]
[EventDate "2014.??.??"]
[EventType "swiss"]
[EventRounds "9"]
[EventCountry "ESP"]

1. e4 b6 2. Nc3 Bb7 3. f4 e6 4. Nf3 Nf6 5. e5 Nd5 6. d4 Nxc3 7. bxc3 c5 8. Ba3
Qc7 9. Qd2 Be7 10. Be2 O-O 11. O-O d6 12. Rab1 Rd8 13. Qe3 dxe5 14. fxe5 cxd4
15. cxd4 Bxa3 16. Qxa3 Nc6 17. Qe3 Ne7 18. Bd3 Nf5 19. Bxf5 exf5 20. c3 Bd5 21.
Rf2 Rac8 22. Rc1 Qe7 23. Ne1 Be4 24. Rb2 f6 25. exf6 Qxf6 26. Nd3 Re8 27. Ne5
Bd5 28. Rf2 g5 29. Qd3 f4 30. c4 Bb7 31. c5 Bd5 32. Rfc2 bxc5 33. Rxc5 Rxc5 34.
Rxc5 Bxa2 35. Nf3 h6 36. h4 g4 37. Ne5 Bf7 38. Nxf7 Qxf7 39. Rf5 g3 40. Kf1 Qa2
41. Rf8+ Kxf8 42. Qf5+ Qf7 43. Qc5+ Kg8 44. Qc6 Qe6 0-1

[Event "Ct. Girona indiv. Absolut"]
[Site "Sant Gregori/Girona/Blanes"]
[Date "2014.11.16"]
[Round "7"]
[White "Rodriguez Martin, J."]
[Black "Estevez Montilla, F."]
[Result "0-1"]
[WhiteElo "1755"]
[BlackElo "1973"]
[PlyCount "92"]
[EventDate "2014.??.??"]
[EventType "swiss"]
[EventRounds "9"]
[EventCountry "ESP"]

1. d4 Nf6 2. e3 e6 3. Bd3 d5 4. f4 a6 5. Nf3 c5 6. c3 Nc6 7. Nbd2 Be7 8. O-O
Bd7 9. Ne5 Qc7 10. Qf3 Rd8 11. b3 Bc8 12. Bb2 O-O 13. g4 g6 14. g5 Ne8 15. Qh3
Ng7 16. Rf3 b5 17. Ng4 Nh5 18. Nf1 f5 19. gxf6 Bxf6 20. Qg2 Bg7 21. Ng3 Nf6 22.
Nxf6+ Rxf6 23. dxc5 e5 24. fxe5 Rxf3 25. Qxf3 Nxe5 26. Qe2 Bg4 27. Qc2 Qxc5 28.
Bc1 Rf8 29. Kg2 Bf3+ 30. Kg1 Bh6 31. b4 Bxe3+ 32. Bxe3 Qxe3+ 33. Qf2 Qxf2+ 34.
Kxf2 Nxd3+ 35. Ke3 Ne5 36. Kd4 Nd7 37. Rf1 g5 38. Nh1 Rf4+ 39. Ke3 Ne5 40. Ng3
Nc4+ 41. Kd3 Be4+ 42. Nxe4 dxe4+ 43. Ke2 Rxf1 44. Kxf1 e3 45. Ke2 h5 46. Kd3
Kf7 0-1

[Event "Ct. Girona indiv. Absolut"]
[Site "Sant Gregori/Girona/Blanes"]
[Date "2014.11.16"]
[Round "7"]
[White "Salagran Ferragut, G."]
[Black "Aymerich Verdaguer, E."]
[Result "0-1"]
[WhiteElo "2168"]
[BlackElo "2242"]
[PlyCount "90"]
[EventDate "2014.??.??"]
[EventType "swiss"]
[EventRounds "9"]
[EventCountry "ESP"]

1. e4 c5 2. Nf3 e6 3. d4 cxd4 4. Nxd4 Nc6 5. Nc3 Qc7 6. Be2 a6 7. a3 Nf6 8. Be3
Be7 9. O-O O-O 10. f4 d6 11. Kh1 Re8 12. Qe1 Nxd4 13. Bxd4 e5 14. fxe5 dxe5 15.
Be3 Be6 16. Qg3 Kh8 17. Bd3 Rac8 18. Nd1 Nd7 19. Bg1 Bc5 20. Nc3 Bxg1 21. Rxg1
b5 22. Rgd1 Nf6 23. Rd2 Red8 24. Rad1 Qc5 25. a4 b4 26. Ne2 Rc6 27. Ng1 Bg4 28.
Nf3 Bxf3 29. Qxf3 Rcd6 30. Qe2 Qd4 31. h3 Qxb2 32. Kh2 Qc3 33. Rb1 Rd4 34. Rdd1
a5 35. Re1 Nd7 36. Qh5 f6 37. Re3 Nc5 38. Rd1 Nxa4 39. Rg3 Qc7 40. Rf1 Nc5 41.
Rg4 Ne6 42. Rh4 Nf8 43. Qg4 Qc8 44. Qe2 b3 45. Ba6 Qxc2 0-1

[Event "Ct. Girona indiv. Absolut"]
[Site "Sant Gregori/Girona/Blanes"]
[Date "2014.11.16"]
[Round "7"]
[White "Serra Canals, O."]
[Black "Vilar Lopez, M."]
[Result "0-1"]
[WhiteElo "2168"]
[BlackElo "2220"]
[PlyCount "60"]
[EventDate "2014.??.??"]
[EventType "swiss"]
[EventRounds "9"]
[EventCountry "ESP"]

1. d4 d5 2. c4 e6 3. Nf3 c5 4. cxd5 exd5 5. Nc3 Nc6 6. g3 Nf6 7. Bg2 Be7 8. O-O
O-O 9. Bg5 cxd4 10. Nxd4 h6 11. Be3 Bg4 12. h3 Bd7 13. Kh2 Ne5 14. Nxd5 Nxd5
15. Bxd5 Bxh3 16. Bxf7+ Rxf7 17. Kxh3 Qd5 18. Qb3 Nc4 19. Rac1 Nxe3 20. fxe3
Qxb3 21. axb3 Bf6 22. Rc2 Rd7 23. Nf5 Kh7 24. Rfc1 Rad8 25. Kg2 Rd2 26. Kf3
Bxb2 27. Rxd2 Rxd2 28. Rc7 Rd5 29. e4 Rb5 30. Kf4 Be5+ 0-1

[Event "Ct. Girona indiv. Absolut"]
[Site "Sant Gregori/Girona/Blanes"]
[Date "2014.11.16"]
[Round "7"]
[White "Vidal Palou, J."]
[Black "Alejo Alvarez, R."]
[Result "1-0"]
[WhiteElo "1934"]
[BlackElo "2124"]
[PlyCount "57"]
[EventDate "2014.??.??"]
[EventType "swiss"]
[EventRounds "9"]
[EventCountry "ESP"]

1. d4 Nf6 2. Nf3 d5 3. e3 Bg4 4. Bd3 e6 5. Nbd2 c5 6. c3 Nc6 7. O-O Be7 8. dxc5
Bxc5 9. b4 Be7 10. Bb2 O-O 11. Be2 a6 12. h3 Bh5 13. Nd4 Bg6 14. N2f3 Nxd4 15.
exd4 h6 16. Ne5 Bh7 17. Bd3 Bxd3 18. Qxd3 Ne4 19. Bc1 Qc7 20. Bd2 Bf6 21. f4
Rac8 22. Rac1 Bxe5 23. fxe5 Qc4 24. Qxc4 Rxc4 25. Be1 Rfc8 26. a3 Nxc3 27. Bxc3
Rxc3 28. Rxc3 Rxc3 29. Rf3 1-0

[Event "Ct. Girona indiv. Absolut"]
[Site "Sant Gregori/Girona/Blanes"]
[Date "2014.11.16"]
[Round "7"]
[White "Vidal Zamora, A."]
[Black "Pinsach Gelabert, A."]
[Result "1-0"]
[WhiteElo "2391"]
[BlackElo "2302"]
[PlyCount "89"]
[EventDate "2014.??.??"]
[EventType "swiss"]
[EventRounds "9"]
[EventCountry "ESP"]

1. d4 d5 2. c4 e6 3. Nc3 c5 4. cxd5 cxd4 5. Qa4+ Bd7 6. Qxd4 exd5 7. Qxd5 Nc6
8. Nf3 Nf6 9. Qd1 Bc5 10. e3 Qe7 11. Bb5 O-O-O 12. Qe2 g5 13. O-O g4 14. Bxc6
Bxc6 15. Nd4 Bd7 16. Nb3 Bd6 17. e4 h5 18. Be3 Kb8 19. Bd4 Be5 20. Qe3 Bxd4 21.
Nxd4 Qe5 22. Qg3 Rhe8 23. Rae1 Bc8 24. Qxe5+ Rxe5 25. f4 Ree8 26. Rd1 a6 27. e5
Nd5 28. Nxd5 Rxd5 29. Rd2 Red8 30. Rfd1 Bf5 31. Nb3 Rxd2 32. Rxd2 Rxd2 33. Nxd2
Kc7 34. Kf2 Kc6 35. Kg3 Kd5 36. Kh4 Kd4 37. Kxh5 Kd3 38. Nb3 Kc2 39. Nd4+ Kxb2
40. Nxf5 Kxa2 41. Nd6 b5 42. f5 b4 43. e6 fxe6 44. fxe6 b3 45. Nc4 1-0

[Event "Ct. Girona indiv. Absolut"]
[Site "Sant Gregori/Girona/Blanes"]
[Date "2014.11.23"]
[Round "8"]
[White "Balague Camps, M."]
[Black "Campo Echevarria, JF."]
[Result "1-0"]
[WhiteElo "2207"]
[BlackElo "2171"]
[PlyCount "81"]
[EventDate "2014.??.??"]
[EventType "swiss"]
[EventRounds "9"]
[EventCountry "ESP"]

1. d4 Nf6 2. c4 g6 3. Nc3 d5 4. Nf3 Bg7 5. Qb3 dxc4 6. Qxc4 O-O 7. e4 Nfd7 8.
Bf4 c6 9. Rd1 Nb6 10. Qd3 Bg4 11. Be2 N8d7 12. Qe3 Bxf3 13. Bxf3 e5 14. dxe5
Nc4 15. Qc1 Ncxe5 16. Be2 Qe7 17. O-O Rfd8 18. Be3 Nb6 19. b3 Rxd1 20. Rxd1 Rd8
21. Rxd8+ Qxd8 22. Qd2 Ned7 23. a4 Qf6 24. Nd1 Qe7 25. a5 Na8 26. Bxa7 Nc7 27.
Be3 Nf8 28. f3 Qa3 29. Bc4 Nce6 30. h4 h5 31. f4 Qe7 32. g3 Nc7 33. Nf2 Nb5 34.
e5 Kh7 35. Ne4 Ne6 36. Bxe6 fxe6 37. Bc5 Qe8 38. Qd3 Nc7 39. Qd6 Na6 40. Ng5+
Kh8 41. Bb6 1-0

[Event "Ct. Girona indiv. Absolut"]
[Site "Sant Gregori/Girona/Blanes"]
[Date "2014.11.23"]
[Round "8"]
[White "Caballero Maytin, J."]
[Black "Domenech Plana, J."]
[Result "1/2-1/2"]
[WhiteElo "2148"]
[BlackElo "2315"]
[PlyCount "68"]
[EventDate "2014.??.??"]
[EventType "swiss"]
[EventRounds "9"]
[EventCountry "ESP"]

1. e4 e5 2. Nf3 Nc6 3. Bb5 Nd4 4. Nxd4 exd4 5. O-O c6 6. Bc4 Nf6 7. Qe2 d6 8.
e5 dxe5 9. Qxe5+ Be7 10. Re1 Kf8 11. d3 Bd6 12. Qg5 h6 13. Qh4 Rh7 14. Bf4 Bb4
15. Bd2 Be7 16. f4 Bf5 17. Qg3 Qc7 18. Qf2 Rd8 19. Bb3 h5 20. Na3 b5 21. h3 a5
22. Re5 g6 23. Rxe7 Kxe7 24. Qe1+ Kd7 25. Bxa5 Qxf4 26. Bxd8 Kxd8 27. Qa5+ Qc7
28. Qxc7+ Kxc7 29. Re1 Kd6 30. Nb1 Nd7 31. Nd2 Nc5 32. Re8 f6 33. Rf8 Nd7 34.
Re8 Re7 1/2-1/2

[Event "Ct. Girona indiv. Absolut"]
[Site "Sant Gregori/Girona/Blanes"]
[Date "2014.11.23"]
[Round "8"]
[White "Estevez Montilla, F."]
[Black "Mogro Flores, S."]
[Result "0-1"]
[WhiteElo "1973"]
[BlackElo "2159"]
[PlyCount "60"]
[EventDate "2014.??.??"]
[EventType "swiss"]
[EventRounds "9"]
[EventCountry "ESP"]

1. e4 e6 2. d4 b6 3. Nc3 Bb4 4. Bd3 Ba6 5. Bxa6 Nxa6 6. Qd3 Nb8 7. Nge2 Ne7 8.
O-O O-O 9. a3 Bxc3 10. Nxc3 f5 11. Bg5 h6 12. Bxe7 Qxe7 13. exf5 Rxf5 14. Rae1
Qf7 15. Qc4 d5 16. Qd3 Nc6 17. Nd1 Rf8 18. b4 e5 19. Qc3 Nxd4 20. Qg3 Nf3+ 21.
gxf3 Rg5 22. Rxe5 Rxg3+ 23. fxg3 d4 24. Kg2 Qa2 25. Rf2 Qxa3 26. b5 Rd8 27.
Rfe2 d3 28. cxd3 Rxd3 29. Re8+ Kf7 30. R2e7+ Qxe7 0-1

[Event "Ct. Girona indiv. Absolut"]
[Site "Sant Gregori/Girona/Blanes"]
[Date "2014.11.23"]
[Round "8"]
[White "Kripanov, A."]
[Black "Diaz Muñoz, S."]
[Result "0-1"]
[WhiteElo "1992"]
[BlackElo "2172"]
[PlyCount "78"]
[EventDate "2014.??.??"]
[EventType "swiss"]
[EventRounds "9"]
[EventCountry "ESP"]

1. e4 c5 2. Nc3 Nc6 3. g3 g6 4. Bg2 Bg7 5. d3 d6 6. f4 e6 7. Nf3 Nge7 8. O-O
O-O 9. g4 f5 10. exf5 exf5 11. g5 d5 12. Ne2 d4 13. c4 dxc3 14. bxc3 Be6 15.
Qc2 Nb4 16. cxb4 Bxa1 17. bxc5 Bg7 18. Ne5 Bd5 19. Rf2 Nc6 20. Nc4 Bxg2 21.
Rxg2 Nd4 22. Qd1 Qd5 23. Be3 Qxc5 24. Ne5 Nxe2+ 25. Rxe2 Qd5 26. Bf2 Rfd8 27.
d4 Rac8 28. Rc2 Bf8 29. Qc1 Ba3 30. Qd2 a5 31. h4 Qe4 32. Rxc8 Rxc8 33. Qxa5
Rc1+ 34. Kh2 Qxf4+ 35. Kg2 Qe4+ 36. Kg3 f4+ 37. Kh3 Rh1+ 38. Kg4 Qg2+ 39. Kxf4
Bc1+ 0-1

[Event "Ct. Girona indiv. Absolut"]
[Site "Sant Gregori/Girona/Blanes"]
[Date "2014.11.23"]
[Round "8"]
[White "Mestres Ramon, P."]
[Black "Alabert Vidal, M."]
[Result "1-0"]
[WhiteElo "2000"]
[BlackElo "1964"]
[PlyCount "71"]
[EventDate "2014.??.??"]
[EventType "swiss"]
[EventRounds "9"]
[EventCountry "ESP"]

1. e4 c5 2. Nc3 d6 3. g3 Nf6 4. Bg2 e6 5. f4 Nc6 6. Nf3 Be7 7. d3 a6 8. a4 Rb8
9. O-O O-O 10. d4 cxd4 11. Nxd4 Qb6 12. Be3 Qxb2 13. Nxc6 bxc6 14. Qd2 Qb7 15.
a5 Nd7 16. Rab1 Qc7 17. Na4 Rb5 18. Nb6 d5 19. Qc3 Bc5 20. Rxb5 Bxe3+ 21. Qxe3
axb5 22. Nxd7 Qxd7 23. Ra1 Ba6 24. Qc5 Rb8 25. f5 exf5 26. exd5 cxd5 27. Qxd5
Qa7+ 28. Kh1 Bb7 29. Qxf5 Qd4 30. Rf1 Bxg2+ 31. Kxg2 Qc4 32. Qd3 Qc6+ 33. Kg1
Rc8 34. Qf5 Qc4 35. Rf4 Qxc2 36. Qxf7+ 1-0

[Event "Ct. Girona indiv. Absolut"]
[Site "Sant Gregori/Girona/Blanes"]
[Date "2014.11.23"]
[Round "8"]
[White "Molina Carretero, D."]
[Black "Genover Rodriguez, I."]
[Result "1-0"]
[WhiteElo "2217"]
[BlackElo "1976"]
[PlyCount "59"]
[EventDate "2014.??.??"]
[EventType "swiss"]
[EventRounds "9"]
[EventCountry "ESP"]

1. e4 c5 2. Nf3 d6 3. d4 cxd4 4. Nxd4 Nf6 5. Nc3 a6 6. Be3 Ng4 7. Bc1 Nf6 8.
Be2 Nc6 9. Be3 g6 10. Qd2 Ng4 11. Bxg4 Bxg4 12. h3 Bd7 13. f4 Bg7 14. O-O O-O
15. Rad1 Rc8 16. Nd5 e6 17. Nc3 Ne7 18. Nde2 d5 19. f5 exf5 20. exd5 Re8 21.
Bd4 f6 22. Nf4 Qa5 23. Rfe1 g5 24. Nh5 Ng6 25. Nxg7 Kxg7 26. Qxg5 Qd8 27. Rxe8
Bxe8 28. Qxf5 Bd7 29. Bxf6+ Qxf6 30. Qxd7+ 1-0

[Event "Ct. Girona indiv. Absolut"]
[Site "Sant Gregori/Girona/Blanes"]
[Date "2014.11.23"]
[Round "8"]
[White "Otones Lopez, A."]
[Black "Serra Canals, O."]
[Result "0-1"]
[WhiteElo "1981"]
[BlackElo "2168"]
[PlyCount "68"]
[EventDate "2014.??.??"]
[EventType "swiss"]
[EventRounds "9"]
[EventCountry "ESP"]

1. d4 e6 2. c4 d5 3. Nc3 Be7 4. g3 Nf6 5. Bg2 O-O 6. Nf3 Nbd7 7. cxd5 exd5 8.
Bf4 c6 9. O-O Nh5 10. Qc1 f5 11. Bg5 h6 12. Bd2 Bf6 13. Bh3 Nb6 14. b3 Qe8 15.
Re1 g5 16. Bg2 Nd7 17. h4 g4 18. Ne5 Nxe5 19. dxe5 Qxe5 20. Rb1 Bg7 21. Nd1 f4
22. gxf4 Nxf4 23. e4 Nd3 24. Qc2 Nxe1 25. Bxe1 dxe4 26. Bxe4 Bf5 27. Bxf5 Qxe1+
28. Kg2 g3 29. Qc4+ Kh8 30. Qg4 Rf6 31. fxg3 Raf8 32. Bd3 Rd6 33. Qe4 Qd2+ 34.
Be2 Rdd8 0-1

[Event "Ct. Girona indiv. Absolut"]
[Site "Sant Gregori/Girona/Blanes"]
[Date "2014.11.23"]
[Round "8"]
[White "Pages Lopez, D."]
[Black "Badosa Romanyo, A."]
[Result "1-0"]
[WhiteElo "1783"]
[BlackElo "2000"]
[PlyCount "93"]
[EventDate "2014.??.??"]
[EventType "swiss"]
[EventRounds "9"]
[EventCountry "ESP"]

1. d4 Nf6 2. Bg5 d5 3. Bxf6 exf6 4. e3 g6 5. Nd2 Bg7 6. Ngf3 b6 7. c3 O-O 8. h4
Bg4 9. Qc2 Nd7 10. Nh2 Bf5 11. Bd3 Bxd3 12. Qxd3 c5 13. f4 Re8 14. O-O-O Qe7
15. Rde1 f5 16. Ndf3 c4 17. Qe2 Nf6 18. Ne5 Ne4 19. Qc2 h5 20. Nf1 b5 21. Nd2
Bxe5 22. Nxe4 Bxf4 23. Nf6+ Qxf6 24. exf4 Rxe1+ 25. Rxe1 Qxh4 26. Qd2 Kf8 27.
Qe3 Qf6 28. g3 Rb8 29. b4 cxb3 30. axb3 Rc8 31. b4 Qd6 32. Kb2 Qc7 33. Re2 a5
34. bxa5 Qxa5 35. Qe7+ Kg7 36. Re3 Qc7 37. Qxc7 Rxc7 38. Kb3 Kf8 39. Kb4 Re7
40. Rd3 Re4 41. Kxb5 Ke7 42. Kc6 Ke6 43. Kc5 h4 44. gxh4 Rxf4 45. Rh3 Re4 46.
h5 g5 47. h6 1-0

[Event "Ct. Girona indiv. Absolut"]
[Site "Sant Gregori/Girona/Blanes"]
[Date "2014.11.23"]
[Round "8"]
[White "Pinsach Gelabert, A."]
[Black "Aymerich Verdaguer, E."]
[Result "1/2-1/2"]
[WhiteElo "2302"]
[BlackElo "2242"]
[PlyCount "110"]
[EventDate "2014.??.??"]
[EventType "swiss"]
[EventRounds "9"]
[EventCountry "ESP"]

1. e4 c5 2. Nf3 e6 3. d4 cxd4 4. Nxd4 Nc6 5. Nc3 Qc7 6. Be2 Nf6 7. Be3 a6 8. a3
Be7 9. f4 d6 10. g4 Nxd4 11. Qxd4 e5 12. Qd1 exf4 13. Bxf4 Be6 14. Qd4 Qc5 15.
Qxc5 dxc5 16. g5 Nd7 17. O-O-O O-O 18. Nd5 Bd8 19. h4 Re8 20. Bf3 Rc8 21. Rhe1
c4 22. Bd6 f6 23. gxf6 Nxf6 24. Nxf6+ Bxf6 25. h5 Bg5+ 26. Kb1 Rcd8 27. e5 Rd7
28. Bb4 Rxd1+ 29. Rxd1 Rd8 30. Rxd8+ Bxd8 31. Bxb7 a5 32. Bd6 g5 33. hxg6 hxg6
34. Kc1 g5 35. Kd2 g4 36. Bc5 Kf7 37. Kc3 Bh4 38. Bg1 Bg3 39. Kd4 Bf4 40. Ba6
Bc1 41. Kc3 Bf4 42. Bd4 g3 43. Bxc4 g2 44. Bxe6+ Kxe6 45. Bg1 Bxe5+ 46. Kb3 a4+
47. Kxa4 Bxb2 48. Kb3 Be5 49. Kc4 Kd6 50. a4 Kc6 51. a5 Kb7 52. Kb5 Bb8 53. a6+
Ka8 54. c4 Ba7 55. c5 Bxc5 1/2-1/2

[Event "Ct. Girona indiv. Absolut"]
[Site "Sant Gregori/Girona/Blanes"]
[Date "2014.11.23"]
[Round "8"]
[White "Ramirez Garcia, L."]
[Black "Granados Aguilera, C."]
[Result "1/2-1/2"]
[WhiteElo "1931"]
[BlackElo "2038"]
[PlyCount "62"]
[EventDate "2014.??.??"]
[EventType "swiss"]
[EventRounds "9"]
[EventCountry "ESP"]

1. e4 e5 2. Nf3 Nc6 3. Bb5 Nge7 4. O-O g6 5. h3 Bg7 6. c3 O-O 7. d4 exd4 8.
cxd4 d5 9. e5 f6 10. exf6 Bxf6 11. Nc3 Nf5 12. Bxc6 bxc6 13. Bf4 Nh4 14. Nxh4
Bxh4 15. Qd2 Ba6 16. Rfe1 Bxf2+ 17. Qxf2 g5 18. Bxg5 Qxg5 19. Qe3 Qxe3+ 20.
Rxe3 Rab8 21. b3 Rb4 22. Rd1 Rf4 23. Re7 Rbxd4 24. Rxd4 Rxd4 25. Rxc7 Rf4 26.
Rxc6 Rf1+ 27. Kh2 Bb7 28. Rc7 d4 29. Rxb7 dxc3 30. Rc7 Rf2 31. Rxc3 Rxa2
1/2-1/2

[Event "Ct. Girona indiv. Absolut"]
[Site "Sant Gregori/Girona/Blanes"]
[Date "2014.11.23"]
[Round "8"]
[White "Ruiz Planas, A."]
[Black "Castillo Fernandez, C."]
[Result "0-1"]
[WhiteElo "1975"]
[BlackElo "2243"]
[PlyCount "60"]
[EventDate "2014.??.??"]
[EventType "swiss"]
[EventRounds "9"]
[EventCountry "ESP"]

1. e4 Nf6 2. e5 Nd5 3. d4 d6 4. Nf3 Bg4 5. Be2 c6 6. O-O Bxf3 7. Bxf3 dxe5 8.
dxe5 e6 9. c4 Ne7 10. Qxd8+ Kxd8 11. Be4 Nd7 12. f4 Nc5 13. Bc2 Nf5 14. Rd1+
Kc7 15. b4 Nd7 16. a3 a5 17. b5 Bc5+ 18. Kf1 Ne3+ 19. Bxe3 Bxe3 20. g3 g5 21.
fxg5 Bxg5 22. Re1 h5 23. Re2 h4 24. Kg2 hxg3 25. hxg3 Rag8 26. Kf3 Bc1 27. Nd2
Bxd2 28. Rxd2 Nxe5+ 29. Kf4 Nxc4 30. Rd4 e5+ 0-1